Bayonetta: Infernal Demons - Statistics

General Stats
  • This quiz has been taken 39 times
    35 since last reset
  • The average score is 16 of 38
Answer Stats
Status Appearances Answer % Correct
Ally 1, 2, 3 Madama Butterfly
92%
Ally 2, 3 Baal
85%
Ally/Boss 1, 2, 3 Gomorrah
85%
Ally 1, 2, 3 Madama Styx
69%
Ally 1 Queen Sheba
69%
Boss 2, 3 Alraune
62%
Ally 2 Madama Khepri
62%
Ally 1, 3 Malphas
62%
Ally/Boss 2, 3 Rodin, the Infinite One
62%
Ally/Foe 1, 2 Scolopendra
62%
Foe 2, 3 Hatred
54%
Ally 1, 2 Hekatoncheir
54%
Ally 2 Hydra
54%
Ally/Boss 1, 2, 3 Phantasmaraneae
54%
Ally 2 Diomedes
46%
Boss 2 Insidious
46%
Ally 2, 3 Labolas
46%
Foe 2 Sloth
46%
Ally 3 Baal Zebul
38%
Boss/Ally 3 Kraken
38%
Ally 2 Omne
38%
Ally 3 Cheshire
31%
Foe 2 Malicious
31%
Foe 2, 3 Pain
31%
Ally 3 Queen Butterfly
31%
Foe 2 Resentment
31%
Ally 3 Sin Gomorrah
31%
Ally 3 Wartrain Gouon
31%
Foe 2 Fury
23%
Foe 2 Greed
23%
Foe 2 Hideous
23%
Ally 1, 2 King Zero
23%
Ally 2, 3 Mictlantecuhtli
23%
Foe 2 Pride
23%
Boss/Ally 3 Umbra Clock Tower
23%
Ally 2 Carnage
15%
Allies 1, 2, 3 Little Devils
15%
Ally 3 The Phantom
15%
No matching quizzes found
Score Distribution
Percent of People with Each Score
Percentile by Number Answered
Your Score History
You have not taken this quiz since the last reset